000 00806cam a2200181 i 4500
005 20251108165347.0
008 250721s1984 ua gr 000 0 ara d
082 1 4 _a212
_bم ن ت
245 1 0 _aالمنتخب في تفسير القرآن الكريم /
_cمصر وزارة الاوقاف المجلس الاعلى للشئون الاسلامية.
250 _aالطبعة العاشرة.
264 1 _aالقاهرة :
_bوزارة الأوقاف-المجلس الأعلى للشئون اللإسلامية،
_c1984.
300 _a397 صفحة.
650 1 7 _aالقرآن الكريم
650 1 7 _aتفسير
710 1 _aمصر. وزارة الاوقاف
_bوزارة الاوقاف، المجلس الاعلى للشئون الاسلامية.
_eمعد.
942 _2ddc
_cREF
999 _c26002
_d26002